[Event "44.Semif. C. ITA Magistrale"]
[Site "Salsomaggiore Terme ITA"]
[Date "1984.11.27"]
[Round "4.9"]
[White "Palmiotto, Fiorentino"]
[Black "Accorsini, Cesare"]
[Result "1-0"]
[WhiteElo "2067"]
[BlackElo "2035"]
[Annotator "Gabriele Ballarin"]
[PlyCount "95"]
[EventDate "1984.11.24"]
[EventType "swiss"]
[EventRounds "9"]
[EventCountry "ITA"]

1. c4 e6 2. Nc3 d5 3. cxd5 exd5 4. d4 Nf6 5. Bg5 Be7 6. Nf3 O-O 7. e3 h6 8. Bh4 b6 9. Ne5 Bb7 10. Bd3 Nfd7 11. Bxe7 Qxe7 12. Nf3 c5 13. Rc1 Nf6 14. O-O Nbd7 15. Qe2 a6 16. b3 Rfe8 17. Na4 Bc6 18. dxc5 bxc5 19. Nc3 Bb7 20. Rfd1 Qd6 21. Qd2 Qb6 22. Na4 Qa7 23. Qa5 Rac8 24. Nh4 g6 25. Qd2 Qb8 26. Qc2 Ng4 27. g3 Qe5 28. Bxg6 fxg6 29. Qxg6+ Qg7 30. Qxg7+ Kxg7 31. Nf5+ Kf8 32. Nd6 Ba8 33. Nxe8 Kxe8 34. h3 Ngf6 35. f3 Ke7 36. Kf2 Nh7 37. e4 Ke6 38. exd5+ Bxd5 39. Rd3 Nhf6 40. g4 Rf8 41. Kg3 Kd6 42. Re3 Rg8 43. Nc3 Nh5+ 44. Kf2 Nf4 45. Rd1 Nxh3+ 46. Kg3 Nf4 47. Kxf4 Nb6 48. Red3 1-0

[Event "44.Semif. C. ITA Magistrale"]
[Site "Salsomaggiore Terme ITA"]
[Date "1984.11.27"]
[Round "4.10"]
[White "Gallo, Enrico"]
[Black "Anceschi, Vittorio"]
[Result "1/2-1/2"]
[WhiteElo "2046"]
[BlackElo "2192"]
[Annotator "Gabriele Ballarin"]
[PlyCount "70"]
[EventDate "1984.11.24"]
[EventType "swiss"]
[EventRounds "9"]
[EventCountry "ITA"]

1. e4 e6 2. d4 d5 3. Nc3 Nf6 4. e5 Nfd7 5. Qh5 c5 6. Nf3 a6 7. Bg5 Qa5 8. dxc5 Nxc5 9. Be2 Nc6 10. O-O Bd7 11. Rad1 Qc7 12. Rfe1 h6 13. Bf1 Rg8 14. Bf4 g6 15. Qg4 Qa5 16. a3 b5 17. Bxb5 axb5 18. b4 Qxa3 19. Nxb5 Qxb4 20. Nc7+ Kd8 21. Nxa8 g5 22. Nxg5 hxg5 23. Bxg5+ Kc8 24. Qxb4 Nxb4 25. Nb6+ Kc7 26. Nxd7 Nxd7 27. Be3 Nc6 28. f4 Bc5 29. h4 Ne7 30. c4 Bxe3+ 31. Rxe3 dxc4 32. Rc1 Nb6 33. Ra3 Nc6 34. Kh2 Rd8 35. h5 Rg8 1/2-1/2

[Event "44.Semif. C. ITA Magistrale"]
[Site "Salsomaggiore Terme ITA"]
[Date "1984.11.27"]
[Round "4.11"]
[White "Magrin, Antonio"]
[Black "Pederzoli, Sergio"]
[Result "1/2-1/2"]
[WhiteElo "2116"]
[BlackElo "1937"]
[Annotator "Gabriele Ballarin"]
[PlyCount "57"]
[EventDate "1984.11.24"]
[EventType "swiss"]
[EventRounds "9"]
[EventCountry "ITA"]

1. d4 Nf6 2. Nf3 d6 3. Bf4 g6 4. h3 Bg7 5. Nc3 b6 6. e4 Bb7 7. Bd3 O-O 8. O-O c5 9. d5 a6 10. a4 Nbd7 11. Re1 Qc7 12. Qd2 Ne8 13. Bh6 Ne5 14. Nh2 Bc8 15. Bf1 f6 16. Be3 Qd8 17. f4 Nf7 18. g4 Nc7 19. Nf3 Rb8 20. f5 Bd7 21. h4 Kh8 22. Kh2 Qc8 23. Bh3 Ne8 24. Rg1 Rg8 25. h5 g5 26. Bf1 h6 27. Be2 Ne5 28. Kg3 Nc7 29. Rgb1 1/2-1/2

[Event "44.Semif. C. ITA Magistrale"]
[Site "Salsomaggiore Terme ITA"]
[Date "1984.11.27"]
[Round "4.12"]
[White "Laco, Giuseppe"]
[Black "Minarelli, Guido"]
[Result "1-0"]
[WhiteElo "2146"]
[BlackElo "2102"]
[Annotator "Gabriele Ballarin"]
[PlyCount "101"]
[EventDate "1984.11.24"]
[EventType "swiss"]
[EventRounds "9"]
[EventCountry "ITA"]

1. c4 e6 2. Nc3 d5 3. e3 Nf6 4. d4 Be7 5. Qc2 Nbd7 6. c5 e5 7. b4 O-O 8. f3 Re8 9. Nge2 c6 10. a3 b6 11. Na4 bxc5 12. bxc5 Qc7 13. Bd2 g6 14. Kf2 Nh5 15. g4 Bh4+ 16. Kg2 Ng7 17. Ng3 f5 18. gxf5 Nxf5 19. Nxf5 gxf5 20. Rg1 e4 21. f4 Kh8 22. Kh1 Nf6 23. Be1 Bxe1 24. Rxe1 Be6 25. Qf2 Rg8 26. Be2 Bf7 27. Rg5 Bg6 28. Reg1 Rg7 29. Qh4 Rag8 30. Bd1 Qf7 31. Nc3 Qe7 32. Na2 Qb7 33. Nb4 a5 34. Nc2 Qe7 35. Na1 Qb7 36. Nb3 Qb5 37. Nd2 Qd3 38. R5g2 Ng4 39. Bxg4 fxg4 40. Nf1 Qxa3 41. Rxg4 Qc1 42. Qf6 Qd1 43. h4 Qf3+ 44. Kh2 Rb8 45. R4g2 a4 46. Nd2 Qxe3 47. h5 Kg8 48. hxg6 h6 49. Qe6+ Kh8 50. Qe5 Rb2 51. Qe8+ 1-0

[Event "44.Semif. C. ITA Magistrale"]
[Site "Salsomaggiore Terme ITA"]
[Date "1984.11.27"]
[Round "4.13"]
[White "Messa, Roberto"]
[Black "Bonugli, Carlo"]
[Result "1-0"]
[WhiteElo "2337"]
[BlackElo "1921"]
[Annotator "Gabriele Ballarin"]
[PlyCount "53"]
[EventDate "1984.11.24"]
[EventType "swiss"]
[EventRounds "9"]
[EventCountry "ITA"]

1. e4 c5 2. Nf3 Nc6 3. d4 cxd4 4. Nxd4 Nf6 5. Nc3 d6 6. Bg5 e6 7. Qd2 Be7 8. O-O-O O-O 9. Be2 Nxd4 10. Qxd4 Qa5 11. Bd2 Qc7 12. f4 Rd8 13. g4 d5 14. e5 Bc5 15. Qd3 Nd7 16. h4 a6 17. g5 b5 18. h5 Nf8 19. g6 fxg6 20. hxg6 hxg6 21. Bg4 Qc6 22. Ne4 Be7 23. Ng5 Qc4 24. Qh3 Bxg5 25. fxg5 Kf7 26. Rdf1+ Ke7 27. Qa3+ 1-0

[Event "44.Semif. C. ITA Magistrale"]
[Site "Salsomaggiore Terme ITA"]
[Date "1984.11.27"]
[Round "4.15"]
[White "Iudicello, Marco"]
[Black "Gasser, Giorgio"]
[Result "1/2-1/2"]
[WhiteElo "1973"]
[BlackElo "2034"]
[Annotator "Gabriele Ballarin"]
[PlyCount "65"]
[EventDate "1984.11.24"]
[EventType "swiss"]
[EventRounds "9"]
[EventCountry "ITA"]

1. e4 c6 2. d4 d5 3. exd5 cxd5 4. c4 dxc4 5. Bxc4 e6 6. Nc3 Nf6 7. Bf4 Nbd7 8. Nf3 Be7 9. O-O O-O 10. Nb5 Nb6 11. Bc7 Qe8 12. Bxb6 axb6 13. Nc7 Qc6 14. Nxa8 Qxc4 15. Nxb6 Qb5 16. Nxc8 Rxc8 17. b3 Bd6 18. Rc1 Rd8 19. Rc4 Nd5 20. Qb1 Nf4 21. Qe4 f5 22. Qe3 Qe8 23. Ne5 Nd5 24. Qe2 b5 25. Rc2 b4 26. Nc4 Nf4 27. Qd2 Bb8 28. g3 Qh5 29. f3 Ba7 30. Qxf4 Rxd4 31. Qe3 Rxc4 32. Qxa7 Rxc2 33. Rf2 1/2-1/2

[Event "44.Semif. C. ITA Magistrale"]
[Site "Salsomaggiore Terme ITA"]
[Date "1984.11.27"]
[Round "4.16"]
[White "Ricca, Roberto"]
[Black "Pienabarca, Nicola"]
[Result "0-1"]
[WhiteElo "1900"]
[BlackElo "1909"]
[Annotator "Gabriele Ballarin"]
[PlyCount "42"]
[EventDate "1984.11.24"]
[EventType "swiss"]
[EventRounds "9"]
[EventCountry "ITA"]

1. e4 e6 2. d4 d5 3. Nc3 Nf6 4. e5 Nfd7 5. f4 c5 6. Nf3 Nc6 7. Be3 cxd4 8. Nxd4 Nxd4 9. Bxd4 Nb8 10. Ne2 Nc6 11. c3 Be7 12. Rc1 O-O 13. Ng3 f6 14. Bd3 Nxd4 15. cxd4 Bb4+ 16. Ke2 fxe5 17. a3 Ba5 18. b4 Bb6 19. dxe5 Rxf4 20. Nh5 Rf2+ 21. Ke1 Qg5 0-1

[Event "44.Semif. C. ITA Magistrale"]
[Site "Salsomaggiore Terme ITA"]
[Date "1984.11.27"]
[Round "4.17"]
[White "Mussap, Angelo"]
[Black "Cordara, Michele"]
[Result "1/2-1/2"]
[WhiteElo "1900"]
[BlackElo "2143"]
[Annotator "Gabriele Ballarin"]
[PlyCount "39"]
[EventDate "1984.11.24"]
[EventType "swiss"]
[EventRounds "9"]
[EventCountry "ITA"]

1. e4 c5 2. Nf3 d6 3. d4 cxd4 4. Nxd4 Nf6 5. Nc3 a6 6. Be2 e5 7. Nb3 Be6 8. O-O Nbd7 9. f4 Rc8 10. f5 Bc4 11. Kh1 b5 12. Be3 Be7 13. a3 Nb6 14. Nd2 O-O 15. Qe1 d5 16. Bxb6 Qxb6 17. Nxc4 dxc4 18. Qg3 Bc5 19. Nd5 Nxd5 20. exd5 1/2-1/2

[Event "44.Semif. C. ITA Magistrale"]
[Site "Salsomaggiore Terme ITA"]
[Date "1984.11.27"]
[Round "4.18"]
[White "Gagliardi, Pietro"]
[Black "Fiore, Mario Angelo"]
[Result "1-0"]
[WhiteElo "2058"]
[BlackElo "1986"]
[Annotator "Gabriele Ballarin"]
[PlyCount "93"]
[EventDate "1984.11.24"]
[EventType "swiss"]
[EventRounds "9"]
[EventCountry "ITA"]

1. e4 g6 2. d4 Bg7 3. Nf3 c5 4. c4 d6 5. h3 Qa5+ 6. Nc3 cxd4 7. Nxd4 Nc6 8. Be3 Nf6 9. Bd3 Ne5 10. O-O Nxd3 11. Qxd3 O-O 12. Nd5 Nxd5 13. cxd5 Bd7 14. b4 Qa4 15. Rab1 Rac8 16. a3 Rc7 17. Rfc1 Rfc8 18. Rxc7 Rxc7 19. Rc1 Rxc1+ 20. Bxc1 a5 21. Bd2 Qd1+ 22. Kh2 Be5+ 23. g3 Qh5 24. Nf3 Bxh3 25. Kg1 Bg4 26. Nh2 Be2 27. Qe3 axb4 28. axb4 b5 29. Kg2 Bc4 30. Qb6 Kg7 31. f3 f5 32. Qd8 Kf7 33. Qd7 fxe4 34. Qe6+ Kf8 35. Qc8+ Kg7 36. Qe6 exf3+ 37. Nxf3 Bf6 38. Bc3 Bxd5 39. Qxe7+ Kg8 40. Qxf6 Qxf3+ 41. Qxf3 Bxf3+ 42. Kxf3 Kf7 43. Ke4 Ke6 44. Bg7 h5 45. Bh6 Kf6 46. Kd5 Kf5 47. Bf8 1-0

[Event "44.Semif. C. ITA Magistrale"]
[Site "Salsomaggiore Terme ITA"]
[Date "1984.11.27"]
[Round "4.19"]
[White "Pipitone, Antonio"]
[Black "Rodella, Franco"]
[Result "1-0"]
[WhiteElo "2048"]
[BlackElo "1910"]
[Annotator "Gabriele Ballarin"]
[PlyCount "51"]
[EventDate "1984.11.24"]
[EventType "swiss"]
[EventRounds "9"]
[EventCountry "ITA"]

1. e4 c6 2. d4 d5 3. Nc3 dxe4 4. Nxe4 Nf6 5. Nxf6+ gxf6 6. Nf3 Bg4 7. Be2 e6 8. a3 Qc7 9. c4 Nd7 10. Be3 Bd6 11. h3 Bxf3 12. Bxf3 Bf4 13. Qd2 Bxe3 14. Qxe3 O-O-O 15. O-O Kb8 16. b4 Nb6 17. Rac1 Qd7 18. Rfd1 f5 19. a4 Qc7 20. a5 Nd7 21. b5 cxb5 22. cxb5 Qxa5 23. Qf4+ Ka8 24. Rc7 e5 25. Rxb7 exf4 26. Rb6# 1-0

[Event "44.Semif. C. ITA Magistrale"]
[Site "Salsomaggiore Terme ITA"]
[Date "1984.11.27"]
[Round "4.20"]
[White "Bellatalla, Emilio"]
[Black "Luppi, Sergio Guido     "]
[Result "1/2-1/2"]
[WhiteElo "1900"]
[BlackElo "1988"]
[Annotator "Gabriele Ballarin"]
[PlyCount "41"]
[EventDate "1984.11.24"]
[EventType "swiss"]
[EventRounds "9"]
[EventCountry "ITA"]

1. d4 Nf6 2. c4 e6 3. g3 Bb4+ 4. Nd2 c5 5. a3 Bxd2+ 6. Qxd2 cxd4 7. Nf3 b6 8. Bg2 Bb7 9. O-O O-O 10. b3 Qe7 11. Qxd4 Nc6 12. Qc3 d5 13. Bg5 dxc4 14. Qxc4 Rac8 15. Qh4 h6 16. Bxf6 Qxf6 17. Qxf6 gxf6 18. b4 Ba6 19. Rfc1 Ne7 20. Bf1 Rfd8 21. e3 1/2-1/2

[Event "44.Semif. C. ITA Magistrale"]
[Site "Salsomaggiore Terme ITA"]
[Date "1984.11.27"]
[Round "4.21"]
[White "Rossi, Gianpiero"]
[Black "Piccardo, Marco"]
[Result "0-1"]
[WhiteElo "2014"]
[BlackElo "2002"]
[Annotator "Gabriele Ballarin"]
[PlyCount "44"]
[EventDate "1984.11.24"]
[EventType "swiss"]
[EventRounds "9"]
[EventCountry "ITA"]

1. d4 f5 2. c4 Nf6 3. Nc3 g6 4. g3 Bg7 5. Bg2 d6 6. Nf3 O-O 7. O-O Nc6 8. d5 Ne5 9. Nd2 g5 10. b3 Bd7 11. Bb2 Qe8 12. Qc2 Qh5 13. Rfe1 Nfg4 14. Nf1 f4 15. f3 Nxf3+ 16. Bxf3 Bd4+ 17. Kg2 fxg3 18. Nd1 Rxf3 19. exf3 Nxh2 20. Nde3 Bh3+ 21. Kh1 Nxf3 22. Nh2 Nxh2 0-1

[Event "44.Semif. C. ITA Magistrale"]
[Site "Salsomaggiore Terme ITA"]
[Date "1984.11.27"]
[Round "4.22"]
[White "Sani, Valentino"]
[Black "Donatelli, Giovanni"]
[Result "1/2-1/2"]
[WhiteElo "1914"]
[BlackElo "1900"]
[Annotator "Gabriele Ballarin"]
[PlyCount "36"]
[EventDate "1984.11.24"]
[EventType "swiss"]
[EventRounds "9"]
[EventCountry "ITA"]

1. e4 c6 2. d4 d5 3. exd5 cxd5 4. Bd3 Nc6 5. c3 Nf6 6. Bf4 e6 7. Nf3 Bd6 8. Bxd6 Qxd6 9. Nbd2 Bd7 10. Qe2 Ne7 11. O-O Ng6 12. Ne5 Nf4 13. Qe3 Nxd3 14. Qxd3 O-O 15. f4 Ne8 16. Nb3 b6 17. Nxd7 Qxd7 18. f5 Nf6 1/2-1/2

[Event "44.Semif. C. ITA Magistrale"]
[Site "Salsomaggiore Terme ITA"]
[Date "1984.11.27"]
[Round "4.23"]
[White "Ruggeri, Pietro"]
[Black "Catracchia, Mauro"]
[Result "0-1"]
[WhiteElo "1900"]
[BlackElo "1900"]
[Annotator "Gabriele Ballarin"]
[PlyCount "68"]
[EventDate "1984.11.24"]
[EventType "swiss"]
[EventRounds "9"]
[EventCountry "ITA"]

1. f4 Nf6 2. Nf3 d5 3. e3 c5 4. d3 g6 5. Be2 Bg7 6. O-O O-O 7. Qe1 Nc6 8. c3 b5 9. e4 d4 10. Qh4 c4 11. e5 cxd3 12. Bxd3 dxc3 13. Ng5 Qd4+ 14. Rf2 Nxe5 15. Be4 Neg4 16. bxc3 Qxf2+ 17. Qxf2 Nxf2 18. Bxa8 Nd3 19. Bd2 Nh5 20. g3 Rd8 21. Bf3 h6 22. Ne4 f5 23. Nf2 Nxf2 24. Kxf2 Nf6 25. a4 b4 26. Ra2 Be6 27. Rb2 a5 28. Be1 Ne4+ 29. Bxe4 fxe4 30. Re2 Rd1 31. Nd2 bxc3 32. Nxe4 Bd4+ 33. Kg2 Bd5 34. Kf3 c2 0-1

[Event "44.Semif. C. ITA Magistrale"]
[Site "Salsomaggiore Terme ITA"]
[Date "1984.11.27"]
[Round "4.24"]
[White "Valguarnera, Girolamo"]
[Black "Pernisco, Ermanno"]
[Result "1-0"]
[WhiteElo "1999"]
[BlackElo "2010"]
[Annotator "Gabriele Ballarin"]
[PlyCount "87"]
[EventDate "1984.11.24"]
[EventType "swiss"]
[EventRounds "9"]
[EventCountry "ITA"]

1. Nf3 Nf6 2. g3 g6 3. Bg2 Bg7 4. O-O d6 5. c4 Nc6 6. Nc3 O-O 7. Rb1 a5 8. a3 e5 9. b4 axb4 10. axb4 h6 11. e4 Be6 12. d3 Qd7 13. Nd5 Kh7 14. b5 Nd4 15. Nxd4 exd4 16. Nf4 c5 17. Bd2 Ra2 18. Bc1 Rfa8 19. Qb3 Qe7 20. Nxe6 fxe6 21. b6 Nd7 22. e5 Nxe5 23. Qd1 Qf7 24. f4 Nc6 25. g4 Kh8 26. Qf3 Rc2 27. Rf2 Rxf2 28. Qxf2 Nb4 29. Qf3 d5 30. Bd2 dxc4 31. Bxb4 cxb4 32. dxc4 Bf8 33. Qe4 Rd8 34. Rd1 Bg7 35. c5 Rd5 36. Rc1 d3 37. Qxb4 d2 38. Rd1 Bd4+ 39. Kh1 Bxc5 40. Qc3+ Bd4 41. Qc8+ Kg7 42. Bxd5 exd5 43. Qc7 Be3 44. Qe5+ 1-0

[Event "44.Semif. C. ITA Magistrale"]
[Site "Salsomaggiore Terme ITA"]
[Date "1984.11.28"]
[Round "5.2"]
[White "Tirabassi, Maurizio"]
[Black "Ventura, Franco"]
[Result "1/2-1/2"]
[WhiteElo "2117"]
[BlackElo "2146"]
[Annotator "Gabriele Ballarin"]
[PlyCount "41"]
[EventDate "1984.11.24"]
[EventType "swiss"]
[EventRounds "9"]
[EventCountry "ITA"]

1. Nf3 d5 2. g3 c5 3. Bg2 Nc6 4. d4 e6 5. O-O Nf6 6. c4 cxd4 7. Nxd4 Be7 8. Nc3 O-O 9. cxd5 exd5 10. b3 Re8 11. Bb2 Bf8 12. h3 Be6 13. Rc1 Rc8 14. Na4 Nxd4 15. Qxd4 b6 16. e3 Qd7 17. Kh2 Rxc1 18. Rxc1 Rc8 19. Rxc8 Qxc8 20. Nc3 Qd7 21. e4 1/2-1/2

[Event "44.Semif. C. ITA Magistrale"]
[Site "Salsomaggiore Terme ITA"]
[Date "1984.11.28"]
[Round "5.3"]
[White "Benedetti, Fabrizio"]
[Black "Palmiotto, Fiorentino"]
[Result "1/2-1/2"]
[WhiteElo "2094"]
[BlackElo "2067"]
[Annotator "Gabriele Ballarin"]
[PlyCount "93"]
[EventDate "1984.11.24"]
[EventType "swiss"]
[EventRounds "9"]
[EventCountry "ITA"]

1. e4 c5 2. Nf3 d6 3. d4 cxd4 4. Nxd4 e5 5. Nb3 Be6 6. Nc3 a6 7. Be3 Nf6 8. Be2 Nbd7 9. a4 Qc7 10. O-O Be7 11. a5 Rc8 12. Kh1 O-O 13. f4 Qc6 14. Ra4 Rfd8 15. f5 Nc5 16. Nxc5 dxc5 17. Qe1 Bd7 18. Qg3 Kh8 19. Bg5 Qd6 20. Raa1 Bc6 21. Qh4 Ng8 22. Bc4 Bxg5 23. Qxg5 Qd2 24. Qg3 f6 25. Bd5 Bxd5 26. Rf2 Qg5 27. Qxg5 fxg5 28. Nxd5 Nf6 29. Rd1 Nxe4 30. Re2 Nd6 31. Nb6 Nc4 32. Rxd8+ Rxd8 33. Kg1 Nxb6 34. axb6 Rd5 35. c4 Rd1+ 36. Kf2 Kg8 37. Rxe5 Rd2+ 38. Kg3 Rxb2 39. Rxc5 Rxb6 40. Rc8+ Kf7 41. Rc7+ Kf6 42. c5 Rb3+ 43. Kf2 a5 44. c6 bxc6 45. Rxc6+ Kxf5 46. Rc5+ Kf4 47. Rc4+ 1/2-1/2

[Event "44.Semif. C. ITA Magistrale"]
[Site "Salsomaggiore Terme ITA"]
[Date "1984.11.28"]
[Round "5.4"]
[White "Drei, Andrea"]
[Black "Colombo, Paolo"]
[Result "1-0"]
[WhiteElo "2170"]
[BlackElo "2022"]
[Annotator "Gabriele Ballarin"]
[PlyCount "61"]
[EventDate "1984.11.24"]
[EventType "swiss"]
[EventRounds "9"]
[EventCountry "ITA"]

1. e4 e5 2. Nf3 Nc6 3. Bb5 Nge7 4. O-O Ng6 5. d4 exd4 6. Nxd4 Bc5 7. Be3 Bxd4 8. Bxd4 Nxd4 9. Qxd4 O-O 10. Nc3 d6 11. f4 Bd7 12. Bxd7 Qxd7 13. f5 Ne5 14. f6 gxf6 15. Nd5 Kh8 16. Nxf6 Qc6 17. Rae1 Qb6 18. Qxb6 axb6 19. Re3 Kg7 20. Rg3+ Ng6 21. a3 Rh8 22. h4 h5 23. Rf5 Kf8 24. Nd5 Nxh4 25. Rf4 c6 26. Nxb6 Ra6 27. Nc4 d5 28. Ne5 f6 29. Rxf6+ Ke7 30. Rf4 Ke6 31. Nd3 1-0

[Event "44.Semif. C. ITA Magistrale"]
[Site "Salsomaggiore Terme ITA"]
[Date "1984.11.28"]
[Round "5.5"]
[White "Paoli, Enrico"]
[Black "Simoli, Sergio"]
[Result "0-1"]
[WhiteElo "2190"]
[BlackElo "2155"]
[Annotator "Gabriele Ballarin"]
[PlyCount "80"]
[EventDate "1984.11.24"]
[EventType "swiss"]
[EventRounds "9"]
[EventCountry "ITA"]

1. e4 c5 2. Nc3 Nc6 3. f4 e6 4. Nf3 d5 5. Bb5 Nf6 6. Qe2 Be7 7. Bxc6+ bxc6 8. d3 O-O 9. e5 Ne8 10. O-O Nc7 11. a4 Rb8 12. b3 Qe8 13. Ba3 Na6 14. Kh1 f5 15. exf6 Bxf6 16. Ne5 Nb4 17. Rae1 Ba6 18. Rf2 Bh4 19. g3 Bd8 20. Nd1 Bc7 21. Nf3 Rf6 22. Bb2 d4 23. Ng5 Qg6 24. Ne4 Rf5 25. Ref1 h5 26. Ba3 Nxd3 27. cxd3 Rxb3 28. Qa2 Bxd3 29. Qxb3 c4 30. Qb7 Bxe4+ 31. Kg1 Bb6 32. Qe7 h4 33. Qxh4 Rh5 34. f5 exf5 35. Qf4 c3 36. Re2 d3+ 37. Re3 c2 38. Nf2 d2 39. Rxe4 fxe4 40. Kg2 Bxf2 0-1

[Event "44.Semif. C. ITA Magistrale"]
[Site "Salsomaggiore Terme ITA"]
[Date "1984.11.28"]
[Round "5.6"]
[White "Anceschi, Vittorio"]
[Black "Pienabarca, Nicola"]
[Result "1-0"]
[WhiteElo "2192"]
[BlackElo "1909"]
[Annotator "Gabriele Ballarin"]
[PlyCount "75"]
[EventDate "1984.11.24"]
[EventType "swiss"]
[EventRounds "9"]
[EventCountry "ITA"]

1. e4 e6 2. d4 d5 3. Nd2 Nf6 4. e5 Nfd7 5. Bd3 c5 6. c3 Nc6 7. Ne2 cxd4 8. cxd4 f6 9. exf6 Nxf6 10. Nf3 Bd6 11. O-O O-O 12. Re1 Qc7 13. Ng3 e5 14. dxe5 Nxe5 15. Nxe5 Bxe5 16. Qb3 Kh8 17. Bd2 Bd6 18. Be3 Qf7 19. Bd4 Nh5 20. Rac1 Nf4 21. Bb1 Bg4 22. f3 Bc8 23. Re3 Ne6 24. Qxd5 Bf4 25. Rce1 Bxe3+ 26. Rxe3 Rd8 27. Qe4 Nf8 28. Qh4 Re8 29. Be4 Ng6 30. Qh6 Kg8 31. Qg5 Be6 32. Nh5 Rad8 33. Bxg7 Rd6 34. Bc3 Red8 35. Nf6+ Kf8 36. Bb4 Qc7 37. Nxh7+ Qxh7 38. Qxd8+ 1-0

[Event "44.Semif. C. ITA Magistrale"]
[Site "Salsomaggiore Terme ITA"]
[Date "1984.11.28"]
[Round "5.7"]
[White "Laco, Giuseppe"]
[Black "Magrin, Antonio"]
[Result "1-0"]
[WhiteElo "2146"]
[BlackElo "2116"]
[Annotator "Gabriele Ballarin"]
[PlyCount "81"]
[EventDate "1984.11.24"]
[EventType "swiss"]
[EventRounds "9"]
[EventCountry "ITA"]

1. c4 g6 2. Nc3 Bg7 3. d4 d6 4. e4 Nc6 5. d5 Nd4 6. Be3 c5 7. dxc6 Nxc6 8. Qd2 Nf6 9. f3 Qa5 10. Nd5 Nxd5 11. cxd5 Bxb2 12. Qxa5 Nxa5 13. Rb1 Bc3+ 14. Kf2 b6 15. Bd3 Nb7 16. Ne2 Bg7 17. Nd4 Bxd4 18. Bb5+ Bd7 19. Bxd4 Rg8 20. Be2 f6 21. h4 Nc5 22. g4 Rc8 23. Ke3 Rf8 24. f4 e5 25. dxe6 Nxe6 26. Bb2 Nc5 27. g5 f5 28. exf5 Bxf5 29. Rbd1 Be4 30. Bf3 Bxf3 31. Kxf3 Nb7 32. h5 gxh5 33. Rxh5 Rf7 34. Re1+ Kd7 35. Reh1 Rc2 36. Rxh7 Rxh7 37. Rxh7+ Ke6 38. Bh8 Rxa2 39. Rxb7 Rh2 40. Bd4 Kd5 41. Bf2 1-0

[Event "44.Semif. C. ITA Magistrale"]
[Site "Salsomaggiore Terme ITA"]
[Date "1984.11.28"]
[Round "5.8"]
[White "Lantini, Marco"]
[Black "Rupeni, Franco"]
[Result "1-0"]
[WhiteElo "2017"]
[BlackElo "2201"]
[Annotator "Gabriele Ballarin"]
[PlyCount "65"]
[EventDate "1984.11.24"]
[EventType "swiss"]
[EventRounds "9"]
[EventCountry "ITA"]

1. d4 Nf6 2. c4 c5 3. d5 e6 4. Nc3 exd5 5. cxd5 d6 6. e4 g6 7. Bd3 Bg7 8. Nge2 O-O 9. O-O Na6 10. Bg5 Rb8 11. a4 Nb4 12. Bb1 a6 13. f4 Qc7 14. Bxf6 Bxf6 15. e5 dxe5 16. f5 e4 17. d6 Qd8 18. fxg6 hxg6 19. Nxe4 Bxb2 20. Ra3 Bxa3 21. Qb3 c4 22. Qxa3 Qb6+ 23. Kh1 f5 24. Qg3 Kf7 25. Qh4 Kg7 26. Qe7+ Rf7 27. Qe5+ Kg8 28. Nf6+ Rxf6 29. Qxf6 Nd3 30. Qxg6+ Kh8 31. Bxd3 cxd3 32. Rf3 f4 33. Rxf4 1-0

[Event "44.Semif. C. ITA Magistrale"]
[Site "Salsomaggiore Terme ITA"]
[Date "1984.11.28"]
[Round "5.9"]
[White "Messa, Roberto"]
[Black "Gallo, Enrico"]
[Result "1-0"]
[WhiteElo "2337"]
[BlackElo "2046"]
[Annotator "Gabriele Ballarin"]
[PlyCount "85"]
[EventDate "1984.11.24"]
[EventType "swiss"]
[EventRounds "9"]
[EventCountry "ITA"]

1. e4 c5 2. Nf3 d6 3. d4 cxd4 4. Qxd4 Nc6 5. Bb5 Bd7 6. Bxc6 Bxc6 7. c4 Nf6 8. Nc3 g6 9. O-O Bg7 10. Qd3 O-O 11. Nd4 Qa5 12. h3 Rac8 13. b3 e6 14. Bd2 Qd8 15. Bg5 Qa5 16. Qe3 Ng4 17. Nxc6 Nxe3 18. Nxa5 Nxf1 19. Rc1 Rc5 20. Be7 Rxa5 21. Bxf8 Kxf8 22. Kxf1 Bxc3 23. Rxc3 Rxa2 24. g4 Ke7 25. Kg2 a5 26. Kf3 Rb2 27. Ke3 Kd7 28. Rd3 Kc6 29. f4 Kc5 30. e5 d5 31. cxd5 exd5 32. Rc3+ Kb4 33. Rc7 Rxb3+ 34. Kd4 b5 35. Rxf7 a4 36. e6 Rb1 37. f5 gxf5 38. gxf5 Rd1+ 39. Ke5 d4 40. f6 d3 41. Rd7 a3 42. f7 Re1+ 43. Kd4 1-0

[Event "44.Semif. C. ITA Magistrale"]
[Site "Salsomaggiore Terme ITA"]
[Date "1984.11.28"]
[Round "5.10"]
[White "Cerchiari, Fulvio Andrea"]
[Black "Pederzoli, Sergio"]
[Result "1/2-1/2"]
[WhiteElo "2040"]
[BlackElo "1937"]
[Annotator "Gabriele Ballarin"]
[PlyCount "98"]
[EventDate "1984.11.24"]
[EventType "swiss"]
[EventRounds "9"]
[EventCountry "ITA"]

1. d4 Nf6 2. Nf3 d6 3. Bf4 g6 4. e3 Bg7 5. Bc4 O-O 6. h3 b6 7. O-O Bb7 8. Nbd2 c5 9. c3 Nc6 10. Bh2 Rc8 11. Re1 Na5 12. Bf1 Ne4 13. Nxe4 Bxe4 14. Bd3 Bxd3 15. Qxd3 cxd4 16. exd4 Qd7 17. Re2 Rfe8 18. Rae1 Bf6 19. Bf4 e6 20. Nd2 Bg7 21. Ne4 Nb7 22. Qg3 e5 23. dxe5 dxe5 24. Bg5 Qc6 25. Qh4 Re6 26. Bh6 f6 27. Bxg7 Kxg7 28. f4 exf4 29. Nxf6 Rxe2 30. Rxe2 Qc5+ 31. Kh1 Nd6 32. Re7+ Nf7 33. Qxh7+ Kxf6 34. Qxf7+ Kg5 35. Re6 Qf5 36. Qxf5+ Kxf5 37. Re2 Rd8 38. Kg1 g5 39. Kf2 g4 40. hxg4+ Kxg4 41. c4 Rd4 42. b3 Rd1 43. Rc2 a5 44. Ke2 Rg1 45. Kd3 Kg3 46. Ke4 Re1+ 47. Kf5 Re8 48. Rc3+ Re3 49. Rc2 Re8 1/2-1/2

[Event "44.Semif. C. ITA Magistrale"]
[Site "Salsomaggiore Terme ITA"]
[Date "1984.11.28"]
[Round "5.11"]
[White "Passerotti, Pierluigi"]
[Black "Bolsi, Massimo"]
[Result "1-0"]
[WhiteElo "2248"]
[BlackElo "1999"]
[Annotator "Gabriele Ballarin"]
[PlyCount "65"]
[EventDate "1984.11.24"]
[EventType "swiss"]
[EventRounds "9"]
[EventCountry "ITA"]

1. e4 e5 2. Bc4 Nf6 3. d3 Be7 4. Nf3 d6 5. Nbd2 Nc6 6. c3 O-O 7. Bb3 Na5 8. Bc2 c5 9. O-O Bg4 10. h3 Bd7 11. Re1 h6 12. Nf1 Re8 13. Ng3 Bf8 14. d4 cxd4 15. cxd4 Qc7 16. Bd3 b5 17. b3 Rab8 18. Re2 Nc6 19. Bb2 Qb6 20. Rc1 g6 21. Bb1 Bg7 22. dxe5 dxe5 23. Rd2 Rbd8 24. Qc2 Rc8 25. Qd1 Rcd8 26. Qe2 Re7 27. Rcd1 Qb8 28. Bd3 Rde8 29. Bxb5 Nd4 30. Nxd4 exd4 31. Bxd7 Rxd7 32. Bxd4 Red8 33. Be3 1-0